[Event "56th Rubinstein Memorial C 2020"]
[Site "Polanica Zdroj"]
[Date "2020.08.21"]
[Round "7.11"]
[White "Iwanczuk, Krzysztof"]
[Black "Siekanska, Zuzanna"]
[Result "1-0"]
[WhiteElo "1929"]
[BlackElo "1680"]
[Annotator "TA"]
[PlyCount "55"]
[EventDate "2020.08.15"]
[EventType "swiss"]
[EventCountry "POL"]
[SourceTitle "playchess.com"]
[Source "ChessBase"]
[SourceQuality "1"]

{[%evp 17,55,56,87,78,83,51,45,0,0,0,0,0,0,0,-1,-23,95,85,105,68,275,298,379,79,421,417,320,229,941,934,931,895,837,735,706,672,608,541,29991,29992]} 1. e4 c5 2. Nf3 e6 3. Nc3 d6 4. d4 cxd4 5. Nxd4 Nf6 6. Be3 a6 7. g4 b5 8. g5 Nfd7 9. a3 Nb6 10. h4 {B81: Sicilian Scheveningen: Keres Attack.} N8d7 11. f4 Bb7 12. Qf3 {White is slightly better.} Rc8 13. h5 {[#]} Nc4 $146 ({Predecessor:} 13... e5 14. Nf5 exf4 15. Bxf4 Ne5 16. Qg3 Qc7 17. h6 g6 18. Ng7+ Bxg7 19. hxg7 Rg8 20. Rxh7 {1-0 (47) Sobura,H (2320)-Judycki,W (2165) Slask 1996}) 14. Bxc4 Rxc4 15. g6 {gxf7+ is the strong threat.} Qf6 16. gxf7+ Kxf7 (16... Qxf7 $11 17. Nb3 Nf6) 17. O-O-O $1 $36 {[%mdl 2048] Black is under strong pressure.} Nc5 18. Rhg1 Be7 $2 (18... Rxc3 $14 19. bxc3 Bxe4) 19. f5 $1 $18 e5 {[#]} 20. Ne6 $2 (20. h6 $1 $18 {[%cal Rh6g7][%mdl 512] and the rest is easy.} g6 {[#]} (20... gxh6 21. Qh5+) 21. Ne6 $1 {[%mdl 512]} Nxe6 22. fxe6+ Ke8 23. Qxf6 {[%mdl 64] Overworked Piece} Bxf6 24. Rxd6) 20... Nxe6 $4 {[%mdl 8192]} (20... Rxc3 $16 21. bxc3 Bxe4) 21. fxe6+ Ke8 (21... Kxe6 $2 22. Qg4+ Kf7 23. Rdf1 $18) 22. Qg4 Bc8 $2 (22... Rf8 23. Bg5 (23. Qxg7 Bxe4 24. Nxe4 Rxe4 $14) 23... Qxg5+ 24. Qxg5 Bxg5+ 25. Rxg5 Bxe4) 23. Nd5 Qxe6 24. Qxg7 Rf8 25. Qxh7 {And now Rg6 would win.} Bb7 {[#]} 26. Rg7 $1 {[%cal Rg7e7]} Rf7 27. h6 ({Weaker is} 27. Nxe7 Bxe4 28. Qg8+ (28. Ng6 {leads to mate.} Rxc2+ 29. Kb1 Rd2+ {[%mdl 64] Discovered Attack} 30. Kc1 Qc4+ 31. Kxd2 Qd3+ 32. Ke1 Qxe3#) 28... Kd7 $16) 27... Bf6 28. Qg8+ {Accuracy: White = 59%, Black = 40%.} 1-0

[Event "56th Rubinstein Memorial C 2020"]
[Site "Polanica Zdroj"]
[Date "2020.08.21"]
[Round "7.12"]
[White "Kawalko, Adam"]
[Black "Halhoul, Adam"]
[Result "0-1"]
[WhiteElo "1950"]
[BlackElo "1579"]
[Annotator "TA"]
[PlyCount "138"]
[EventDate "2020.08.15"]
[EventType "swiss"]
[EventCountry "POL"]
[SourceTitle "playchess.com"]
[Source "ChessBase"]
[SourceQuality "1"]

{[%evp 9,138,0,0,-8,-5,-54,52,37,43,45,30,8,35,6,8,-7,-1,-7,-4,-20,17,15,16,19,36,0,0,-8,1,-8,10,0,45,54,45,7,7,7,2,5,10,0,0,0,11,11,27,0,0,0,0,0,0,0,0,-307,-314,-312,-312,-312,-312,-293,-275,-408,-408,-400,-388,-391,-376,-485,-473,-535,-526,-516,-504,-600,-593,-554,-570,-967,-948,-965,-971,-802,-869,-954,-929,-909,-860,-968,-437,-418,-316,-4132,-537,-519,-141,-118,-8,-5097,-8,-29964,-29959,-29962,-29962,-29960,-29961,-29976,-29977,-29978,-29979,-29979,-29980,-29980,-29979,-29979,-29980,-29980,-29981,-29979,-29982,-29982,-29983,-29983,-29984,-29984,-29984,-29984,-29984,-29984,-29985]} 1. e4 e5 2. Nf3 d6 3. Bc4 Nf6 4. Ng5 d5 5. exd5 h6 6. Nf3 {C41: Philidor Defence.} e4 7. Qe2 Bd6 (7... Bb4 $1 $15) 8. d3 $1 $14 {White is slightly better.} O-O $1 9. dxe4 Nxe4 10. O-O ({Worse is} 10. Qxe4 Re8 $17) 10... Re8 11. Be3 Bg4 12. h3 Bh5 {[#]} 13. Bd3 $146 ({Predecessor:} 13. Qd1 Nd7 14. Be2 Ndf6 15. c4 Qe7 16. Re1 Bxf3 17. Bxf3 Qe5 18. Nd2 Qh2+ 19. Kf1 Bb4 20. g3 Bxd2 {0-1 (20) Escanes Garcia,D (2160)-Garcia Cano,A (2320) Terrassa 1996}) 13... f5 14. Nbd2 Nxd2 15. Qxd2 {aiming for Nd4.} Bxf3 $1 16. gxf3 Qf6 17. Bf4 Nd7 18. Bxd6 cxd6 19. Qf4 Re5 20. Rfe1 g5 21. Qb4 Rae8 22. Bb5 Rxe1+ 23. Rxe1 Rxe1+ 24. Qxe1 Ne5 25. Qc3 Qf7 26. Bc4 Qh5 27. Be2 {Strongly threatening Qc8+.} Qf7 28. Qc8+ Kg7 29. c4 b6 30. Kg2 Ng6 31. Bd1 Qe7 32. Bc2 $2 {[%mdl 8192]} (32. Kf1 $11 {and White stays safe.}) 32... Nh4+ $19 33. Kf1 Nxf3 {( -> ...Qe1+)} 34. Qe6 Qxe6 35. dxe6 {[%mdl 4096] Endgame KB-KN} Nd4 36. Bd1 (36. e7 {was called for.} Kf7 37. Bd1) 36... Nxe6 37. Kg2 Nf4+ 38. Kg3 Kf6 39. h4 Nd3 40. hxg5+ hxg5 41. b3 f4+ 42. Kf3 {[#]} g4+ $1 {[%mdl 512]} 43. Ke2 (43. Kxg4 Nxf2+) 43... Ne5 44. Bc2 Kg5 45. Be4 Kh4 46. Bd5 Kh3 47. Be4 f3+ 48. Ke3 Kg2 49. Bd5 {[#]} Kg1 (49... Nd3 $142 $1 {[%mdl 512]} 50. Bb7 (50. Kxd3 Kxf2) 50... Nxf2) 50. Be6 Kf1 51. Bxg4 $2 (51. Bf5) 51... Nxg4+ 52. Kxf3 {KN-KP} Nf6 $2 (52... Nxf2 $19 {is more deadly.} 53. Ke3 Kg2) 53. Ke3 Ke1 (53... Kg2 $17 {...d5 is the strong threat.} 54. f3 Kg3) 54. f4 $2 {[%mdl 8192] Black continues to play with concentration.} (54. b4 $11) 54... Kd1 $2 (54... a5 $1 $19 {Hoping for ...Kd1.} 55. Kd3 Kd1) 55. Kd4 $2 {[%mdl 8192] [#]} (55. b4 $11) 55... a5 $1 {Black mates.} 56. Kc3 Kc1 57. a4 Kb1 58. b4 {[#]} Ka2 $1 59. bxa5 bxa5 60. c5 dxc5 {KN-KPP} 61. Kc4 Nd7 62. Kd5 Kb3 63. Ke6 c4 64. Kxd7 {KPP-KPP} c3 65. f5 c2 66. f6 c1=Q 67. f7 Qd2+ 68. Ke7 Qe3+ 69. Kd7 Qa7+ {Accuracy: White = 57%, Black = 79%.} 0-1

[Event "56th Rubinstein Memorial C 2020"]
[Site "Polanica Zdroj"]
[Date "2020.08.21"]
[Round "7.13"]
[White "Kolodziejski, Grzegorz"]
[Black "Raclawicki, Kacper"]
[Result "0-1"]
[WhiteElo "1550"]
[BlackElo "1879"]
[Annotator "NA RC"]
[PlyCount "90"]
[EventDate "2020.08.15"]
[EventType "swiss"]
[EventCountry "POL"]
[SourceTitle "playchess.com"]
[Source "ChessBase"]
[SourceQuality "1"]
[TimeControl "40/5400+30:1800+30"]

1. e4 {[%emt 0:00:00]} g6 {[%emt 0:09:33]} 2. d4 {[%emt 0:00:01]} Bg7 {[%emt 0:00:21]} 3. Nc3 {[%emt 0:00:22]} d6 {[%emt 0:01:14]} 4. Bg5 {[%emt 0:00:33]} c5 {[%emt 0:07:07]} 5. dxc5 {[%emt 0:02:47]} Qa5 {[%emt 0:00:54]} 6. Qd2 {[%emt 0:00:58]} Qxc5 {[%emt 0:06:13]} 7. Nf3 {[%emt 0:01:19] [#] B06: Modern Defence.} Be6 $146 {[%emt 0:03:51]} ({Predecessor:} 7... Bg4 8. Be3 Qa5 9. Nd4 a6 10. Nb3 Qd8 11. f3 Bd7 12. Nd5 Nc6 13. Bb6 Qc8 14. Nc7+ Kf8 15. Nxa8 Qxa8 {1-0 (65) Budimir,D (2165)-Djurasinov,B (2175) Belgrade 2016}) 8. Be3 {[%emt 0:01:08]} Qa5 {[%emt 0:04:55]} (8... Bxc3 $5 9. bxc3 Qc7 $11) 9. Nd4 {[%emt 0:00:32]} Bd7 {[%emt 0:01:32]} (9... Nc6 $11 {keeps the balance.}) 10. f3 {[%emt 0:01:34]} Nc6 {[%emt 0:02:01]} 11. Be2 {[%emt 0:01:30]} Nf6 {[%emt 0:01:24]} (11... Bxd4 $14 12. Bxd4 Nxd4 13. Qxd4 Nf6) 12. g4 {[%emt 0:01:01]} h6 {[%emt 0:06:03]} 13. h4 {[%emt 0:01:38]} Rc8 {[%emt 0:02:15]} 14. O-O-O {[%emt 0:01:06]} Ne5 {[%emt 0:12:07]} 15. h5 {[%emt 0:02:34]} g5 {[%emt 0:02:23]} 16. Nf5 {[%emt 0:00:13]} Bxf5 {[%emt 0:00:48]} 17. gxf5 {[%emt 0:00:08]} Nc4 {[%emt 0:01:15]} 18. Bxc4 {[%emt 0:00:06]} Rxc4 {[%emt 0:00:45]} 19. Qd3 {[%emt 0:03:09]} b5 {[%emt 0:04:16]} 20. e5 {[%emt 0:03:38]} dxe5 {[%emt 0:11:01]} 21. Nxb5 {[%emt 0:00:17]} Rb4 {[%emt 0:02:52]} 22. Nxa7 {[%emt 0:01:50]} e4 {[%emt 0:03:18]} (22... O-O $142) 23. Qd8+ {[%emt 0:04:50]} Qxd8 {[%emt 0:00:34]} 24. Rxd8+ {[%emt 0:00:02]} Kxd8 {[%emt 0:00:00]} 25. Nc6+ {[%emt 0:00:01]} Kc7 {[%emt 0:00:43]} 26. Nxb4 {[%emt 0:00:06]} exf3 {[%emt 0:01:02]} 27. Bd4 {[%emt 0:00:17]} Nxh5 {[%emt 0:03:09]} 28. Bxg7 {[%emt 0:01:04]} Nxg7 {[%emt 0:00:07]} 29. f6 {[%emt 0:00:11]} Nf5 {[%emt 0:04:13]} 30. fxe7 {[%emt 0:00:07]} g4 {[%emt 0:01:06]} 31. Nd5+ {[%emt 0:00:09]} Kc6 {[%emt 0:01:19]} 32. Nf6 {[%emt 0:02:14]} g3 {[%emt 0:00:52]} 33. Ne4 {[%emt 0:00:56]} Re8 {[%emt 0:01:36]} 34. Rg1 {[%emt 0:00:40]} Rxe7 {[%emt 0:01:23]} 35. Nxg3 {[%emt 0:01:10]} Nxg3 {[%emt 0:00:55]} 36. Rxg3 {[%emt 0:00:23]} Re1+ {[%emt 0:00:55]} 37. Kd2 {[%emt 0:00:03]} f2 {[%emt 0:00:03]} 38. Rc3+ {[%emt 0:00:16]} Kd5 {[%emt 0:01:04]} 39. Rd3+ {[%emt 0:00:39]} Ke4 {[%emt 0:00:22]} 40. Kc3 {[%emt 0:00:00]} f1=Q {[%emt 0:00:00]} 41. a4 {[%emt 0:00:21]} Qf6+ {[%emt 0:02:20]} 42. Kb3 {[%emt 0:00:06]} Rb1 {[%emt 0:02:56]} 43. Rc3 {[%emt 0:00:05]} Qb6+ {[%emt 0:00:25]} 44. Kc4 {[%emt 0:00:11]} Rxb2 {[%emt 0:00:26]} 45. a5 {[%emt 0:00:18]} Qd4# {[%emt 0:00:10]} 0-1

[Event "56th Rubinstein Memorial C 2020"]
[Site "Polanica Zdroj"]
[Date "2020.08.21"]
[Round "7.14"]
[White "Maslo, Slawomir"]
[Black "Ciborowski, Konrad Jr"]
[Result "0-1"]
[WhiteElo "1740"]
[BlackElo "1464"]
[Annotator "NA RC"]
[PlyCount "52"]
[EventDate "2020.08.15"]
[EventType "swiss"]
[EventCountry "POL"]
[SourceTitle "playchess.com"]
[Source "ChessBase"]
[SourceQuality "1"]
[TimeControl "40/5400+30:1800+30"]

1. d4 {[%emt 0:00:33]} f5 {[%emt 0:00:00]} 2. c4 {[%emt 0:00:22]} Nf6 {[%emt 0:00:00]} 3. Nc3 {[%emt 0:00:21]} d6 {[%emt 0:00:00]} 4. g3 {[%emt 0:00:32]} g6 {[%emt 0:00:00]} 5. Bg2 {[%emt 0:00:12]} Bg7 {[%emt 0:00:00]} 6. Nf3 {[%emt 0:00:15]} O-O {[%emt 0:00:00]} 7. O-O {[%emt 0:00:45]} Qe8 {[%emt 0:00:03]} 8. Bg5 {[%emt 0:01:49]} e5 {[%emt 0:00:32]} 9. Bxf6 {[%emt 0:00:33]} Bxf6 {[%emt 0:00:05]} 10. dxe5 {[%emt 0:00:54]} dxe5 {[%emt 0:00:04]} 11. Nd5 {[%emt 0:01:02]} Bd8 {[%emt 0:02:53]} 12. e4 {[%emt 0:02:11]} c6 {[%emt 0:00:21]} 13. Nc3 {[%emt 0:00:15]} f4 {[%emt 0:00:09]} 14. Qb3 {[%emt 0:00:51]} g5 {[%emt 0:05:31]} 15. Nd2 {[%emt 0:08:54]} Qh5 {[%emt 0:03:05]} 16. Qd1 {[%emt 0:03:58]} g4 {[%emt 0:01:28]} 17. f3 {[%emt 0:02:27]} Bb6+ {[%emt 0:00:09]} 18. Rf2 {[%emt 0:02:08]} Bxf2+ {[%emt 0:01:06]} 19. Kxf2 {[%emt 0:00:05]} fxg3+ {[%emt 0:00:12]} 20. hxg3 {[%emt 0:00:27]} gxf3 {[%emt 0:00:47]} 21. Nxf3 {[%emt 0:02:04]} Bg4 {[%emt 0:00:35]} 22. Qd3 {[%emt 0:02:38]} Na6 {[%emt 0:01:01]} 23. Qe3 {[%emt 0:04:20]} Bxf3 {[%emt 0:00:23]} 24. Bxf3 {[%emt 0:00:27]} Rxf3+ {[%emt 0:00:07]} 25. Qxf3 {[%emt 0:00:25]} Rf8 {[%emt 0:00:05]} 26. Qxf8+ {[%emt 0:00:13]} Kxf8 {[%emt 0:00:04]} 0-1

[Event "56th Rubinstein Memorial C 2020"]
[Site "Polanica Zdroj"]
[Date "2020.08.21"]
[Round "7.15"]
[White "Mackowiak, Szymon"]
[Black "Vanduyfhuys, Igor"]
[Result "*"]
[WhiteElo "1689"]
[BlackElo "1776"]
[Annotator "NA RC"]
[PlyCount "78"]
[EventDate "2020.08.15"]
[EventType "swiss"]
[EventCountry "POL"]
[SourceTitle "playchess.com"]
[Source "ChessBase"]
[SourceQuality "1"]
[TimeControl "40/5400+30:1800+30"]

1. d4 Nf6 2. c4 g6 3. Nc3 Bg7 4. Nf3 O-O 5. Bg5 d6 6. Qc2 c5 7. e3 Nc6 8. d5 Nb4 9. Qb1 Qa5 10. Nd2 e6 11. a3 Na6 12. Be2 exd5 13. Bxf6 Bxf6 14. Nxd5 Bg7 15. b4 cxb4 16. Ra2 bxa3 17. O-O Nc5 18. Nb3 Qa4 19. Nxc5 dxc5 20. Qc1 Be6 21. Rxa3 Qd7 22. Rd1 Bxd5 23. Rxd5 Qc7 24. Rad3 Rad8 25. Qa3 a6 26. Qxc5 Qxc5 27. Rxc5 Rxd3 28. Bxd3 Rd8 29. Be2 Rd7 30. Rc8+ Bf8 31. Bf3 b5 32. Bd5 a5 33. Ra8 a4 34. e4 Rc7 35. Kf1 bxc4 36. Ke2 c3 37. Kd1 c2+ 38. Kc1 Rc3 39. Rxa4 Bh6+ *

[Event "56th Rubinstein Memorial C 2020"]
[Site "Polanica Zdroj"]
[Date "2020.08.22"]
[Round "8.1"]
[White "Budnik, Mateusz"]
[Black "Podgorski, Maciej"]
[Result "1-0"]
[WhiteElo "2033"]
[BlackElo "1810"]
[Annotator "TA"]
[PlyCount "129"]
[EventDate "2020.08.15"]
[EventType "swiss"]
[EventCountry "POL"]
[SourceTitle "playchess.com"]
[Source "ChessBase"]
[SourceQuality "1"]

{[%evp 14,129,29,25,31,0,20,13,56,38,38,31,54,43,66,36,40,31,49,4,25,0,0,-34,-30,-60,-56,-97,-91,-110,-110,-185,-181,-192,-190,-166,-180,-170,-167,-177,-67,-102,-76,-71,-69,-78,-85,-90,-92,-165,-143,-193,-188,-263,-22,-18,-18,-14,-8,-11,-9,-38,-34,-27,8,10,17,9,97,22,115,105,84,108,836,806,771,655,1872,1803,29993,422,12841,302,302,0,586,82,82,82,33,82,82,0,0,0,0,0,0,0,0,0,0,0,0,0,0,0,0,0,83,83,83,0,12833,0,12843,12844]} 1. e4 c5 2. Nf3 d6 3. d4 cxd4 4. Nxd4 Nf6 5. Nc3 {[%cal Bb1c3,Bc3e2,Be2g3,Bg3h5][%mdl 32]} a6 6. h3 e6 7. g4 Be7 {7...Be7 is the modern continuation. Played by Liren Ding in July 2020.} 8. Bg2 Nc6 {B81: Sicilian Scheveningen: Keres Attack.} 9. O-O Nd7 10. Nce2 {[#]} g5 $146 {The position is equal.} ({Predecessor:} 10... Qc7 11. c3 Rb8 12. f4 b5 13. Be3 Bb7 14. Rc1 g6 15. f5 e5 16. Nc2 Bh4 {1-0 (41) Baklan,V (2655)-Esen,B (2589) Kocaeli 2014}) 11. Ng3 Nde5 12. Nh5 Bd7 13. b3 Qc7 14. Bb2 O-O-O 15. c4 Rhf8 16. Nc2 Ng6 17. Rc1 Nce5 18. Ne3 Kb8 19. Kh1 Nf4 20. Nxf4 gxf4 21. Nc2 h5 22. Bxe5 (22. gxh5 $17 Rh8 23. Rg1) 22... dxe5 $19 23. gxh5 Bc6 24. Qe2 f5 25. Rcd1 Rg8 26. Bf3 fxe4 (26... Bc5 $19 27. Kh2 Rxd1 28. Rxd1 Qg7) 27. Bxe4 Rh8 28. Rxd8+ Bxd8 29. Kh2 {Threatening Bxc6.} Bxe4 30. Qxe4 Rxh5 31. Rg1 (31. Ne1 $17 {was called for.}) 31... Qc5 32. Rg2 Qf8 $1 33. Qg6 (33. Kg1 {keeps fighting.}) 33... Rh6 $2 (33... Qh8 $1 $19 34. Qxe6 e4 $1 {[%mdl 512]}) 34. Qg7 $1 $11 {[%cal Rg7f8]} Qxg7 35. Rxg7 {[%mdl 4096] Endgame KRB-KRN} Bb6 36. Kg2 e4 37. Rg4 e5 38. Nb4 e3 39. fxe3 Bxe3 40. Nd5 {With the idea Rg8+.} Bd2 (40... Bd4 $11) 41. Rg8+ $16 Ka7 42. c5 $1 Rc6 43. b4 a5 $2 {[%mdl 8192]} (43... b5 $16) 44. Ne7 $18 Rc7 45. Nc8+ $1 Ka6 46. Nd6 {[%cal Rg8a8]} b5 {[#]} 47. Ra8+ (47. a4 $142 $1 {[%mdl 512]} f3+ (47... bxa4 48. Ra8+) 48. Kf1 Ka7 49. axb5 Rc6 50. bxc6 Bxb4 51. Nb5+ Ka6 52. Nc7+ Ka7 53. Ra8#) 47... Ra7 {[#]} 48. Rxa7+ $2 (48. a4 $1 {[%csl Gd6][%cal Ra4b5][%mdl 512]} Rxa8 (48... bxa4 49. b5#) 49. axb5+ Ka7 50. b6+ Kb8 51. c6) 48... Kxa7 49. Nxb5+ $2 {KB-KN} ({White should play} 49. bxa5 $18 Bb4 50. Nxb5+ Ka6 51. c6 Bxa5 52. c7) 49... Kb8 $2 {[%mdl 8192]} (49... Ka6 $1 $11 {and Black is okay.} 50. Nd6 Bxb4) 50. Nd6 $2 (50. bxa5 $18 {is the precise move to win.} Bxa5 51. h4) 50... Bxb4 $16 51. Ne4 $1 {Hoping for h4.} Be1 52. Nf2 {Nd3 is the strong threat.} Kc7 53. h4 (53. Nd3 $16 Bh4 54. Nxe5) 53... e4 $1 $11 54. h5 f3+ $1 55. Kf1 Bd2 56. Nxe4 Be3 57. Ng3 Bxc5 58. Nf5 {Threatens to win with h6.} Bf8 59. Kf2 Kc6 60. Kxf3 {Strongly threatening Ke4.} Kd5 61. Kf4 {And now Kg5 would win.} Ke6 {[#]} (61... a4 $1 $11 {keeps the balance.}) 62. Kg5 $1 $16 {[%cal Rg5g6] Black must now prevent Kg6.} Kf7 63. Nh6+ ({White should try} 63. a4 $16) 63... Ke6 $2 {[%mdl 8192] [#]} (63... Bxh6+ $11 64. Kxh6 Kf6) 64. Kg6 $2 (64. Ng4 $1 $18 Bd6 65. Kg6) 64... a4 $2 {[%mdl 8192]} (64... Bxh6 $11 65. Kxh6 Kf7) 65. Nf5 {Both players deserved the win here. Accuracy: White = 58%, Black = 64%.} 1-0

[Event "56th Rubinstein Memorial C 2020"]
[Site "Polanica Zdroj"]
[Date "2020.08.22"]
[Round "8.2"]
[White "Janzer, Hubert"]
[Black "Adamczewski, Maciej"]
[Result "0-1"]
[WhiteElo "1893"]
[BlackElo "2045"]
[Annotator "TA"]
[PlyCount "80"]
[EventDate "2020.08.15"]
[EventType "swiss"]
[EventCountry "POL"]
[SourceTitle "playchess.com"]
[Source "ChessBase"]
[SourceQuality "1"]

{[%evp 9,80,0,-3,-65,-68,-65,-66,-60,-68,-74,-72,-75,-76,-77,-74,-58,-52,-115,-114,-112,-95,-142,-147,-228,-211,-218,-189,-181,-183,-195,-188,-164,-175,-202,-204,-185,-167,-341,-299,-356,-361,-350,-316,-356,-356,-356,-355,-404,-359,-423,-423,-425,-422,-547,-550,-575,-546,-499,-491,-628,-471,-635,-612,-836,-700,-760,-678,-29991,-29992,-29992,-5190,-29993,-29994]} 1. d4 Nf6 2. Bf4 g6 3. Nc3 d5 4. e3 Bg7 5. h4 c6 6. h5 {A45: Trompowsky Attack.} (6. Bd3 $11) 6... Nxh5 $15 7. Rxh5 gxh5 8. Qxh5 {Black is slightly better.} Nd7 9. Bd3 Nf6 10. Qh2 Bg4 11. Nf3 Bh5 12. O-O-O Bg6 {[#]} 13. Rh1 $146 (13. Be2 $15) ({Predecessor:} 13. Ne5 Nd7 14. Nf3 e6 15. e4 dxe4 16. Nxe4 Bxe4 17. Bxe4 Nf6 18. Bd3 Qd5 19. c4 {0-1 (29) Iwanczuk,K (1775)-Luberanski,J (2010) Dobczyce 2019}) 13... Bxd3 $17 14. cxd3 h5 15. Ne5 Qc8 16. g4 (16. Qg1 $17) 16... Qe6 $19 ({Not} 16... Nxg4 17. Nxg4 hxg4 18. Qxh8+ Bxh8 19. Rxh8+ Kd7 20. Rxc8 $11) 17. f3 b6 18. Kb1 Rd8 19. Ne2 {[#]} Rh7 $1 {[%cal Rh5g4]} 20. g5 Nd7 {[%cal Bf6d7,Bd7f8,Bf8e6][%mdl 32]} 21. Ng4 Nf8 22. Nh6 Qg6 ({But not} 22... Bxh6 23. gxh6 Qg6 24. e4 $15) 23. Kc2 $2 {[#]} (23. e4) 23... Ne6 24. Qxh5 Qxh5 25. Rxh5 Bxh6 26. gxh6 Nxf4 27. Nxf4 {[%mdl 4096] Endgame KRR-KRN} Rd6 28. Rg5 Kf8 29. Kc3 Rdxh6 30. e4 e6 31. exd5 cxd5 32. Ne2 f6 33. Rg1 Rh1 34. Rg4 R7h4 35. Rg3 R1h2 36. Ng1 a5 37. a4 Kf7 38. b3 Rh8 {[%cal Rh8c8]} 39. b4 Rc8+ 40. Kb3 Rhc2 {Black took control after the opening. Accuracy: White = 43%, Black = 97%.} 0-1

[Event "56th Rubinstein Memorial C 2020"]
[Site "Polanica Zdroj"]
[Date "2020.08.22"]
[Round "8.3"]
[White "Szopa, Emilia"]
[Black "Komendecki, Jacek"]
[Result "0-1"]
[WhiteElo "1628"]
[BlackElo "2024"]
[Annotator "TA"]
[PlyCount "98"]
[EventDate "2020.08.15"]
[EventType "swiss"]
[EventCountry "POL"]
[SourceTitle "playchess.com"]
[Source "ChessBase"]
[SourceQuality "1"]

{[%evp 27,98,29,32,14,25,28,29,24,27,25,29,32,38,0,8,-10,-10,-10,-11,-11,-12,-14,0,0,73,-49,0,-47,-5,-63,-47,-83,-90,-87,-77,-187,-153,-247,-253,-250,-244,-257,-255,-250,-181,-166,0,-241,-242,-216,-230,-223,-228,-212,-212,-504,-504,-496,-448,-414,-370,-570,-550,-593,-585,-660,-646,-608,-568,-660,-641,-535,-512]} 1. e4 c5 2. Nf3 g6 3. d4 cxd4 4. Nxd4 Bg7 5. c4 Nc6 6. Be3 d6 7. Nc3 Nf6 8. Be2 Nxd4 9. Bxd4 O-O 10. O-O Bd7 11. Qd2 Bc6 12. f3 a5 13. b3 Nd7 14. Bxg7 Kxg7 15. Qd4+ {B38: Sicilian: Maroczy Bind with 5...Bg7 and 7...0-0.} Kg8 16. f4 Qb6 17. Qxb6 {White has an edge.} Nxb6 18. Nd5 Bxd5 19. exd5 Rfc8 {[#]} 20. f5 $146 ({Predecessor:} 20. a4 Rc7 21. Bg4 f5 22. Bf3 Nd7 23. Rae1 Nc5 24. Re3 Rf8 25. Kf2 Rf6 26. Rfe1 Kf8 27. R1e2 Rf7 28. g3 Ke8 29. h4 h5 30. Rc3 Rc8 31. Ke3 Ra8 {½-½ (30) Comp Chess Tiger 15.0-Minzer,C (2428) Cullera 2003}) 20... a4 21. fxg6 hxg6 22. Rae1 axb3 23. axb3 Ra3 24. Bd1 Kf8 25. Bg4 Rca8 {[#]} (25... Rd8 $11 {keeps the balance.}) 26. Rf3 ({White should try} 26. h4 $1 $16) 26... Ra1 27. Ref1 (27. Rxa1 {with more complications.} Rxa1+ 28. Rf1 Ra3 29. Be6 f6 30. Rf3) 27... Rxf1+ (27... f5 {is interesting.} 28. R3f2 Ke8 29. Bd1 Nd7 30. h3 Kd8) 28. Kxf1 $15 {[%mdl 4096] Endgame KRB-KRN} (28. Rxf1 $11 Kg8 29. Re1) 28... f5 29. Bh3 Ra1+ 30. Ke2 Nd7 31. Kd2 (31. g4 $17) 31... Ne5 32. Rf4 (32. Re3 $17) 32... Kg7 $19 33. Kc3 Ra2 34. Rf1 Kf6 35. Rf4 Kg5 36. Rf1 Kf6 (36... b6 $142 37. Rc1 Kf6) 37. Rf4 $1 Re2 38. Rf1 Re3+ 39. Kc2 b6 40. Rf2 Nd7 41. Rf3 $2 {[#]} (41. Bg4 {was called for.}) 41... Rxf3 42. gxf3 {KB-KN} Ke5 43. Kd3 {and the idea Ke3 leaves White hopeful.} Nc5+ 44. Ke3 (44. Kc3 {might work better.} Kf4 45. Bg2) 44... f4+ {Black is clearly winning.} 45. Kd2 Nxb3+ 46. Kd3 Nd4 47. Bg4 g5 48. h3 b5 49. cxb5 Nxb5 {Accuracy: White = 51%, Black = 83%.} 0-1